Antología : textos literarios y no literarios /

Guardado en:
Autor Principal: Bavio, Carmen
Formato: Libro
Publicado: Buenos Aires : kapelusz, 2002
Series:Puntos suspensivos
Materias:
Etiquetas: Agregar Etiqueta
Sin Etiquetas, Sea el primero en etiquetar este registro!
LEADER 01582nam a22002295a 4500
001 CEM.cems010883
005 20080311085412.0
008 130507s2002##################000#0#####d
003 CEMS
082 0 4 |a 468 
100 1 |a Bavio, Carmen 
245 1 0 |a Antología :  |b textos literarios y no literarios /  |c Carmen Bavio, María Silvia Chozas, Silvia María Falbo 
260 |a Buenos Aires :  |b kapelusz,  |c 2002 
300 |a 56 p. 
490 0 |a Puntos suspensivos 
500 |a Esta obra esta formada por fragmentos de textos literarios y no literarios y acompaña al libro de texto Lengua 9 
505 0 |a La sirena / Manuel Mujica Lainez -- Nanas de la cebolla / Miguel Hernández -- Los dos reyes y los dos laberintos / Jorge Luis Borges -- El bromista / Velmiro Ayala Gauna -- El fantasma de Canterville / Oscar Wilde -- Etica para amador / Fernando Savater -- Diario de Eva / Mark Twain -- Diario de Ana Frank / Ana Frank -- La isla desierta / Roberto Arlt -- Médicos / Scholem Aleijem -- Jane Eyre / Charlotte Bronte -- De un mundo a otro / Carlos Monsalve -- Poema del Río de la Plata / Margarita Abella Caprile -- Cosas de vieja / Fernando Sorrentino -- Al canto de un chalchalero bajo la lluvia / Manuel J. Castilla -- El alma del payador / Rafael Obligado -- Infancia y juventud de Juan Facundo Quiroga / Domingo F. Sarmiento -- Ojos astrales / José P. H. Hernández 
653 |a Textos literarios-fragmentos 
653 |a Textos-no literarios 
653 |a Antología 
653 |a Lengua-3er. ciclo egb 
859 |a CEMS  |b BIB. CEMS - 11 de abril  |h 468  |i B238-1  |p 21600.02  |t Ej.1  |v 9º  |3 9º